Library Banner

Th Brilliance of bioenergy in business and in practice (Record no. 61111)

MARC details
000 -LEADER
fixed length control field 00465nam a2200169Ia 4500
001 - CONTROL NUMBER
control field 60644
008 - FIXED-LENGTH DATA ELEMENTS--GENERAL INFORMATION
fixed length control field 141120s9999 xx 000 0 und d
020 ## - INTERNATIONAL STANDARD BOOK NUMBER
International Standard Book Number 190291628X
040 ## - CATALOGING SOURCE
Transcribing agency PK-LaUMT
082 ## - DEWEY DECIMAL CLASSIFICATION NUMBER
Classification number 621.042
Item number SIM-B
100 ## - MAIN ENTRY--PERSONAL NAME
Personal name Sims, Ralph E. H.
245 ## - TITLE STATEMENT
Title Th Brilliance of bioenergy in business and in practice
Statement of responsibility, etc Sims, Ralph E. H.
260 ## - PUBLICATION, DISTRIBUTION, ETC. (IMPRINT)
Place of publication, distribution, etc London,UK:
Name of publisher, distributor, etc James & James (science publishers),
Date of publication, distribution, etc 2005
300 ## - PHYSICAL DESCRIPTION
Extent 316 p.
546 ## - LANGUAGE NOTE
Language note EN
942 ## - ADDED ENTRY ELEMENTS (KOHA)
Koha item type Books
Holdings
Withdrawn status Lost status Damaged status Not for loan Home library Current library Date acquired Total Checkouts Full call number Barcode Date last seen Price effective from Koha item type
        UMT Main Campus UMT Main Campus 2014-11-17   621.042 SIM-B 79394 2014-11-20 2014-11-20 Books